000 01023nam a2200277 i 4500
003 DO-SdBNP
005 20241010103257.0
007 ta
008 241010b2014 xxua|||| |||| 00| 0 spa d
020 _a9781930744608
040 _aDO-SdBNP
_bspa
_cBNPHU
_erda
082 4 _222
100 _aVictotiano-Martínez, Ramón Antonio,
_eautor
_4aut.
_916454
245 1 0 _aRayanos y dominicanyorks :
_bla dominicanidad del siglo XXI
_cRamón Antonio Victoriano-Martínez ; corrección, María Auxiliadora Ballares
264 4 _aPittsburgh, Estado Unidos :
_bInstituto Internacional de Literatura Iberoamericana,
_c2014.
300 _a258 páginas :
_c21 cm.
336 _atexto
_btxt
_2rdacontent
337 _asin mediación
_bn
_2rdamedia
338 _avolumen
_bnc
_2rdacarrier
490 _aNuevo Siglo
500 _aIncluye datos biográficos del autor en la contracubierta
590 _aInventariado, 2024/BT
700 1 _aBalladres, María Auxiliadora,
_ecorrector
_4co.
_986679
910 _aBtavárez
942 _2ddc
_cLBS1
999 _c57811
_d57811